00264nam a2200097Ia 4500008004100000020001300041100002100054245003100075260004100106300001900147180323s9999 xx 000 0 und d a18742157 aWarren Howard C. aDictionary of psychology / aBoston :b1934cHoughton Mifflin pub aiii, 371 pages